| 000 | 00509nam a22001817a 4500 | ||
|---|---|---|---|
| 003 | OSt | ||
| 005 | 20140310182345.0 | ||
| 008 | 130927t xxu||||| |||| 00| 0 eng d | ||
| 020 | _a9788171815326 | ||
| 050 |
_aQH 307 _b.G884 1998 |
||
| 082 |
_aQH 307 _b.G884 1998 |
||
| 245 |
_aGrowing up healthy : _bwhat's inside us / |
||
| 260 |
_aNew Delhi : _bLearners Press Private Limited, _cc1998. |
||
| 300 |
_a88 p. : _bill. : _c14 cm. |
||
| 650 |
_aHuman anatomy _92588 |
||
| 942 |
_2lcc _cBK-GS |
||
| 999 |
_c12223 _d12223 |
||